000 00732nam a2200229#a 4500
001 02477
003 HDC
007 ta
008 230623s2014 xx 000 0 eng d
040 _aHDC
050 _awief HF 1610.5
_b .W67 2014
245 4 _aTHE 10th WORLD ISLAMIC ECONOMIC FORUM, DUBAI, UNITED ARAB EMIRATES, 28-30 OCTOBER 2014
246 _aINNOVATIVE PARTNERSHIPS FOR ECONOMIC GROWTH
264 _aUnited Kingdom :
_bNewsdeskmedia,
_c2014
300 _a150 pages :
_b color photographs ;
_c 30 cm
650 _aInternational economic relations
_xCongresses.
650 _aIslamic countries
_xForeign economic relations
_xCongresses.
942 _2lcc
942 _cBK
942 _kwief HF 1610.5
942 _m .W67 2014
999 _c24035
_d24035